Engineering materials : properties and selection (Record no. 5153)
[ view plain ]
| 000 -LEADER | |
|---|---|
| fixed length control field | 00546nam a2200181Ia 4500 |
| 003 - CONTROL NUMBER IDENTIFIER | |
| control field | SGT |
| 020 ## - INTERNATIONAL STANDARD BOOK NUMBER | |
| International Standard Book Number | 9788177588712 |
| 082 ## - DEWEY DECIMAL CLASSIFICATION NUMBER | |
| Classification number | 620.11 |
| Item number | BUD |
| 100 ## - MAIN ENTRY--PERSONAL NAME | |
| Personal name | Budinski, Kenneth G. |
| 245 ## - TITLE STATEMENT | |
| Title | Engineering materials : properties and selection |
| 250 ## - EDITION STATEMENT | |
| Edition statement | 8th Ed. |
| 260 ## - PUBLICATION, DISTRIBUTION, ETC. (IMPRINT) | |
| Name of publisher, distributor, etc | Pearson |
| Place of publication, distribution, etc | New Delhi |
| Year of Publication | 2009 |
| 300 ## - PAGE DESCRIPTION | |
| No. of Pages | 869p. |
| 650 ## - SUBJECT ADDED ENTRY--TOPICAL TERM | |
| Topical term or geographic name as entry element | MECHANICAL ENGINEERING |
| 653 ## - KEYWORDS--INDEX TERM | |
| Keyword term | THE STRUCTURE OF MATERIALS,PROPERTIES OF MATERIALS,TRIBOLOGY,PRINCIPLES OF POLYMERIC MATERIALS,POLYMER FAMILIES, |
| 700 ## - ADDED ENTRY--PERSONAL NAME | |
| Personal name | Budinski, Michael K |
| 942 ## - ADDED ENTRY ELEMENTS (KOHA) | |
| Source of classification or shelving scheme | Dewey Decimal Classification |
| Koha item type | Books |
| Withdrawn status | Lost status | Source of classification or shelving scheme | Damaged status | Not for loan | Home library | Current library | Date acquired | SGTU | Total Checkouts | Full call number | Accession No. (Barcode) | Date last seen | Bill Date | Koha item type |
|---|---|---|---|---|---|---|---|---|---|---|---|---|---|---|
| Dewey Decimal Classification | SGT Engineering Library | SGT Engineering Library | 06/11/2011 | SGTU | 620.11 BUD | FE2937 | 09/02/2015 | 09/02/2015 | Books | |||||
| Dewey Decimal Classification | SGT Engineering Library | SGT Engineering Library | 06/11/2011 | SGTU | 620.11 BUD | FE2938 | 09/02/2015 | 09/02/2015 | Books | |||||
| Dewey Decimal Classification | SGT Engineering Library | SGT Engineering Library | 06/11/2011 | SGTU | 620.11 BUD | FE2939 | 09/02/2015 | 09/02/2015 | Books | |||||
| Dewey Decimal Classification | SGT Engineering Library | SGT Engineering Library | 06/11/2011 | SGTU | 620.11 BUD | FE2940 | 09/02/2015 | 09/02/2015 | Books | |||||
| Dewey Decimal Classification | SGT Engineering Library | SGT Engineering Library | 06/11/2011 | SGTU | 620.11 BUD | FE2941 | 09/02/2015 | 09/02/2015 | Books |